<?xml version="1.0" encoding="UTF-8"?><record xmlns="http://www.loc.gov/MARC21/slim" xmlns:zs="http://docs.oasis-open.org/ns/search-ws/sruResponse">
  <leader>01785cam a22004095i 4500</leader>
  <controlfield tag="001">22948231</controlfield>
  <controlfield tag="005">20250607120500.7</controlfield>
  <controlfield tag="006">m     o  d        </controlfield>
  <controlfield tag="007">cr c||||||||||</controlfield>
  <controlfield tag="008">230130s2019    bl a    ob    000 0 por  </controlfield>
  <datafield ind1=" " ind2=" " tag="035">
    <subfield code="a">22948231</subfield>
  </datafield>
  <datafield ind1=" " ind2=" " tag="906">
    <subfield code="a">0</subfield>
    <subfield code="b">ibc</subfield>
    <subfield code="c">origode</subfield>
    <subfield code="d">2</subfield>
    <subfield code="e">ncip</subfield>
    <subfield code="f">20</subfield>
    <subfield code="g">y-gencatlg</subfield>
  </datafield>
  <datafield ind1="0" ind2=" " tag="925">
    <subfield code="a">undeter</subfield>
    <subfield code="b">e-book</subfield>
    <subfield code="x">PL/Rio 2023-01-30</subfield>
  </datafield>
  <datafield ind1=" " ind2=" " tag="955">
    <subfield code="b">wr29 2023-01-30</subfield>
    <subfield code="c">wr31 2023-07-26</subfield>
    <subfield code="r">wr07 2023-08-02 (desc. rev.) to DCM</subfield>
    <subfield code="u">wr07 2025-03-17</subfield>
  </datafield>
  <datafield ind1=" " ind2=" " tag="010">
    <subfield code="a">  2023311304</subfield>
  </datafield>
  <datafield ind1=" " ind2=" " tag="020">
    <subfield code="a">9788595970304</subfield>
  </datafield>
  <datafield ind1=" " ind2=" " tag="040">
    <subfield code="a">DLC</subfield>
    <subfield code="b">eng</subfield>
    <subfield code="e">rda</subfield>
    <subfield code="e">pn</subfield>
    <subfield code="c">DLC</subfield>
  </datafield>
  <datafield ind1=" " ind2=" " tag="042">
    <subfield code="a">lcode</subfield>
  </datafield>
  <datafield ind1="0" ind2="2" tag="245">
    <subfield code="a">A realidade do Supremo Criminal /</subfield>
    <subfield code="c">Joaquim Falcão [and three others].</subfield>
  </datafield>
  <datafield ind1=" " ind2=" " tag="250">
    <subfield code="a">1a edição.</subfield>
  </datafield>
  <datafield ind1=" " ind2="1" tag="264">
    <subfield code="a">Rio de Janeiro, RJ, Brasil :</subfield>
    <subfield code="b">FGV Direito Rio,</subfield>
    <subfield code="c">[2019]</subfield>
  </datafield>
  <datafield ind1=" " ind2=" " tag="300">
    <subfield code="a">1 online resource (159 pages) :</subfield>
    <subfield code="b">color illustrations.</subfield>
  </datafield>
  <datafield ind1=" " ind2=" " tag="336">
    <subfield code="a">text</subfield>
    <subfield code="b">txt</subfield>
    <subfield code="2">rdacontent</subfield>
  </datafield>
  <datafield ind1=" " ind2=" " tag="337">
    <subfield code="a">computer</subfield>
    <subfield code="b">c</subfield>
    <subfield code="2">rdamedia</subfield>
  </datafield>
  <datafield ind1=" " ind2=" " tag="338">
    <subfield code="a">online resource</subfield>
    <subfield code="b">cr</subfield>
    <subfield code="2">rdacarrier</subfield>
  </datafield>
  <datafield ind1="0" ind2=" " tag="490">
    <subfield code="a">Supremo em números ;</subfield>
    <subfield code="v">volume VI</subfield>
  </datafield>
  <datafield ind1=" " ind2=" " tag="500">
    <subfield code="a">"Fechamento da 1a edição em maio de 2019"--Verso of title page.</subfield>
  </datafield>
  <datafield ind1=" " ind2=" " tag="504">
    <subfield code="a">Includes bibliographical references.</subfield>
  </datafield>
  <datafield ind1=" " ind2=" " tag="540">
    <subfield code="a">Creative Commons Attribution-NonCommercial-NoDerivatives 4.0 International</subfield>
    <subfield code="f">CC BY-NC-ND 4.0</subfield>
    <subfield code="u">https://creativecommons.org/licenses/by-nc-nd/4.0/legalcode</subfield>
  </datafield>
  <datafield ind1=" " ind2=" " tag="588">
    <subfield code="a">Description based on online resource; title from PDF title page (FGV Direito Rio, viewed July 26, 2023).</subfield>
  </datafield>
  <datafield ind1="1" ind2=" " tag="700">
    <subfield code="a">Falcão, Joaquim,</subfield>
    <subfield code="e">author.</subfield>
  </datafield>
  <datafield ind1="4" ind2="0" tag="856">
    <subfield code="u">https://editora.fgv.br/produto/gratuito/id_produto=3463</subfield>
  </datafield>
  <datafield ind1="4" ind2="0" tag="856">
    <subfield code="d">gdcebookspublic</subfield>
    <subfield code="f">2023311304</subfield>
    <subfield code="u">https://hdl.loc.gov/loc.gdc/gdcebookspublic.2023311304</subfield>
  </datafield>
  <datafield ind1=" " ind2=" " tag="985">
    <subfield code="a">LC online resource</subfield>
    <subfield code="d">2023-01-30</subfield>
    <subfield code="e">Routine Overseas Operations PDF Acquisitions</subfield>
  </datafield>
  <datafield ind1=" " ind2=" " tag="985">
    <subfield code="e">ODE-rj</subfield>
  </datafield>
  <datafield ind1=" " ind2=" " tag="985">
    <subfield code="a">gdc/doab</subfield>
  </datafield>
  <datafield ind1=" " ind2=" " tag="985">
    <subfield code="a">gdc/scd</subfield>
  </datafield>
</record>
